Les 12 signes astrologiques en 1 minute - Statistiques

Statistiques générales
  • Ce quiz a été pris 3 345 fois
  • Le résultat moyen est 9 sur 12
Statistiques - réponses
Réponse % Correct
Lion ♌
84%
Capricorne ♑
83%
Cancer ♋
81%
Bélier ♈
79%
Taureau ♉
79%
Vierge ♍
79%
Balance ♎
77%
Scorpion ♏
76%
Verseau ♒
73%
Sagittaire ♐
71%
Gémeaux ♊
70%
Poissons ♓
54%
Aucun quiz correspondant
Distribution des résultats
% des personnes avec chaque résultat
Percentile par nombre de réponses
Votre historique - résultats
Vous n’avez pas pris ce quiz